Nominare un Paese A-Z - Statistics

Statistiche generali
  • Questo quiz è stato fatto 72.422 volte
  • Il punteggio medio è 18 su 23
Statistiche sulle risposte
Lettera Paese % Corretto
A Afghanistan | Albania | Algeria | +9
99%
B Bahamas | Bahrain | Bangladesh | +15
96%
C Cambogia | Camerun | Canada | +14
94%
F Figi | Filippine | Finlandia | Francia
94%
G Gabon | Gambia | Georgia | +12
92%
I India | Indonesia | Iran | +7
92%
E Ecuador | Egitto | El Salvador | +4
87%
D Danimarca | Dominica
86%
L Laos | Lesotho | Lettonia | +6
85%
M Macedonia del Nord | Madagascar | +14
85%
K Kazakistan | Kenya | Kirghizistan | +3
81%
N Namibia | Nepal | Nicaragua | +3
81%
P Paesi Bassi | Pakistan | Palau | +6
80%
S Samoa | San Marino | Santa Lucia | +22
78%
R Regno Unito | Repubblica Ceca | +7
76%
H Haiti | Honduras
74%
Q Qatar
68%
T Tagikistan | Taiwan | Tanzania | +9
65%
U Ucraina | Uganda | Ungheria | +2
65%
O Oman
59%
V Vanuatu | Venezuela | Vietnam
56%
Y Yemen
56%
Z Zambia | Zimbabwe
54%
Nessun quiz corrispondente trovato
Distribuzione punteggi
Percentuale di utenti per punteggio
Percentile per numero di risposta
I tuoi punteggi nel tempo
Non hai fatto questo quiz